000 00928nam a22003130a 4500
001 PT33035
003 AR-LpoUNG
005 20210201010727.0
008 201001s2001||||mx |||||||||||||||||eng d
040 _aAR-LpoUNG
_bspa
_eaacr
041 _aeng
044 _amx
082 0 _a334.01 845par
100 1 _aBrett, Eduard A.
245 1 0 _aParticipation and accountability in development management
250 _a1§ edición
260 _aMéxico, D. F. :
_bEl Colegio Mexiquense,
_c2001.
300 _a26 p. :
_bil.
_3Impreso
490 0 _aDocumentos de Discusión sobre el Tercer Sector ;
_vno.10
650 4 _aDESARROLLO ECONOMICO
650 4 _aECONOMIA
650 4 _aPAISES DESARROLLADOS
650 4 _aPAISES MENOS ADELANTADOS
651 4 _aMundial
653 _aECONOMIA SOCIAL
710 2 _aPrograma Interdisciplinario de Estudios del Tercer Sector (México D. F.)
905 _a33035
942 _cLIB
999 _c52465
_d52465